Měření, analýza a vytváření náhodných procesů : Určeno [také] posl. elektrotechn. škol /

Po charakteristice náhodných procesů a jejich vlastností pojednává autor o jejich měření a seznamuje s analýzou náhodných procesů číslicovým počítačem. Zabývá se vytvářením náhodných a pseudonáhodných procesů, uvádí příkladyměření, simulace a využití v praxi a popisuje některé přístroje pro měření,...

Celý popis

Hlavní autor: Matyáš, Vladislav, 1929-
Jazyk: Čeština
Vydáno: Praha : SNTL, 1976
Vydání: 1. vyd.
Edice: Řada elektrotechnické literatury
Knižnice automatizace
Témata:
Fyzický popis: 157, [1] s. ; 8°
Knihy
Uloženo v:
LEADER 01544nam a2200349 a 4500
001 000477792
003 CZ BrMZK
005 20210805102149.0
007 ta
008 970108s1976 xr f cze d
015 |a cnb000469768 
040 |a BOA001  |b cze 
080 |a 519.21:621.391  |2 MRF 
100 1 |a Matyáš, Vladislav,  |d 1929-  |7 jn20000710444  |4 aut 
245 1 0 |a Měření, analýza a vytváření náhodných procesů :  |b Určeno [také] posl. elektrotechn. škol /  |c Vladislav Matyáš 
250 |a 1. vyd. 
260 |a Praha :  |b SNTL,  |c 1976 
300 |a 157, [1] s. ;  |c 8° 
490 1 |a Řada elektrotechnické literatury 
490 1 |a Knižnice automatizace ;  |v Sv. 71 
500 |a Věcný rejstřík 
500 |a 2700 výt. 
500 |a Obálka: Josef Kalousek 
500 |a Přehl. lit. 
500 |a S obr. v textu 
520 2 |a Po charakteristice náhodných procesů a jejich vlastností pojednává autor o jejich měření a seznamuje s analýzou náhodných procesů číslicovým počítačem. Zabývá se vytvářením náhodných a pseudonáhodných procesů, uvádí příkladyměření, simulace a využití v praxi a popisuje některé přístroje pro měření, analýzu a vytváření náhodných procesů. 
830 0 |a Řada elektrotechnické literatury  |0 s 
830 0 |a Knižnice automatizace 
910 |a BOA001  |b 2-0749.049 
964 |a Procesy náhodné - příručky 
990 |a BK 
996 7 |b 2619752720  |c 2-0749.049  |l Sklad H1  |r Sklad / do 24 hodin  |n 13  |h HS 212  |w 000477792  |u 000010  |a 1  |e BOA001  |j MZK50  |s A